000
00329nam a2200133Ia 4500
008
150201s2014 xx 000 0 und d
082
_a
616.07
_b
P2013H
100
_a
HARSH MOHAN
245
_a
PATHOLOGY PRACTICALBOOK
250
_a
3RD
260
_b
JAYPEE BROTHERS MEDICAL PUBLISHERS
650
_a
PATHOLOGY
942
_2
ddc
_c
BK
_0
4
999
_c
4817
_d
4817